Geography, Scrambled! - Statistics

General Stats
  • This quiz has been taken 176 times
  • The average score is 12 of 15
Answer Stats
Hint Answer % Correct
What is the largest nation in the world? Russia
96%
Where is Havana located? Cuba
94%
What is the most populated nation in the world? India
92%
What nation owns Greenland? Denmark
90%
What is the only nation that starts with O? Oman
88%
What nation owns Crete? Greece
87%
What nation shares its name with a U.S. state? Georgia
86%
What nation borders the United Kingdom? Ireland
86%
What is the only nation that starts with Q? Qatar
86%
What is the largest nation in South America? Brazil
84%
What North American nation has a canal named after it? Panama
78%
What is the only nation in Africa to start with K? Kenya
68%
What is the most populated island nation? Indonesia
52%
What is the only doubly-landlocked European nation? Liechtenstein
44%
What is the only doubly-landlocked Asian nation? Uzbekistan
38%
No matching quizzes found
Score Distribution
Percent of People with Each Score
Percentile by Number Answered
Your Score History
You have not taken this quiz